000 00818nam a2200241Ia 4500
003 OSt
005 20220923221251.0
006 a|||||r|||| 00| 0
007 ta
008 220922b |||||||| |||| 00| 0 hin d
024 _a196,302
037 _cTextual
040 _aARTS
_cARTS
_bhin
041 _2hin
_ahin
082 _aP1518, 152L6.1
100 _aपाठक, शिव सहाय
245 0 _aअपभ्रंश
_b भाषा और व्याकरण
246 _aApabhransha: bhāṣhā aur vyākaraṇa
260 _aभोपाल
_b मध्यप्रदेश हिन्दी ग्रंथ अकादमी
_c1976
300 _a16]323पृ.
_ccm.
942 _hP1518, 152L6.1
_cTEXL
_2CC
999 _c348193
_d348193